MARC

LEADER 00000nam0a2200000 4500
001 305297
005 20231101010908.0
020 |a RU  |b 83-52302 
035 |a (RuTPU)RU\TPU\book\330565 
090 |a 305297 
100 |a 20150925d1983 km y0rusy5003 ca 
101 0 |a rus 
102 |a RU 
105 |a y z 001zy 
200 1 |a Сотрудничество стран - членов СЭВ с развивающимися государствами в решении продовольственной проблемы  |f Академия наук СССР (АН СССР), Институт экономики мировой социалистической системы (ИМЭСС) ; под ред. Л. З. Зевина 
210 |a Москва  |c Наука  |d 1983 
215 |a 175 с. 
300 |a Авт. указаны на 8-й с. 
320 |a Библиогр. в примеч.: 157-169 
606 1 |a Экономические связи социалистических стран с развивающимися странами  |2 stltpush  |3 (RuTPU)RU\TPU\subj\26607 
610 1 |a СЭВ 
610 1 |a продовольственное положение 
610 1 |a Совет экономической взаимопомощи 
610 1 |a международные объединения 
610 1 |a международные отношения 
610 1 |a развивающиеся страны 
610 1 |a продовольственный кризис 
610 1 |a внешняя торговля 
610 1 |a техническое содействие 
610 1 |a сельскохозяйственное производство 
686 |a У680  |2 rubbk 
702 1 |a Зевин  |b Л. З.  |g Леон Залманович  |4 340 
712 0 2 |a Академия наук СССР (АН СССР)  |b Институт экономики мировой социалистической системы (ИМЭСС)  |c (1960-1990)  |c (москва)  |2 stltpush  |3 (RuTPU)RU\TPU\col\10670 
801 0 |a RU  |b RuMRKP  |c 19950704  |g psbo 
801 1 |a RU  |b 63413507  |c 20150925 
801 2 |a RU  |b 63413507  |c 20180626  |g RCR 
942 |c BK